[Event "9th LCC FIDE Open 2017"]
[Site "London"]
[Date "2017.12.04"]
[Round "4"]
[White "Maze, Sebastien"]
[Black "Baenziger, Fabian"]
[Result "1/2-1/2"]
[WhiteElo "2614"]
[BlackElo "2400"]
[Annotator "TA"]
[PlyCount "79"]
[EventDate "2017.??.??"]
[EventCountry "ENG"]
[SourceTitle "playchess.com"]
[Source "ChessBase"]
[SourceQuality "1"]

{[%evp 17,79,24,37,12,24,18,24,24,27,29,35,35,36,24,30,31,27,24,24,23,23,23,24,24,24,25,34,12,27,31,55,52,54,22,64,56,54,24,89,43,88,103,101,93,94,100,106,90,103,109,106,12,14,10,37,-31,-27,-10,0,0,0,0,-10,-101]} 1. e4 c5 2. Nf3 Nc6 3. Bb5 d6 4. O-O Bd7 5. Re1 a6 6. Bxc6 Bxc6 7. d4 cxd4 8. Nxd4 Rc8 {B51: Sizilianisch (Rossolimo-Variante)} 9. c4 Nf6 {LiveBook: 11 Partien} 10. f3 e6 $146 ({Vorgänger:} 10... Bd7 11. b3 b5 12. cxb5 axb5 13. a4 bxa4 14. bxa4 g6 15. Be3 Bg7 16. Qd2 {0-1 (27) Simacek,P (2478)-Hess,R (2639) Pardubice 2012}) 11. Qd3 Be7 12. Nc3 O-O 13. Be3 {[%cal Bc1e3,Be3f2,Bf2g3][%mdl 32]} Nd7 14. b3 b6 15. Rac1 Bb7 16. Qd2 Qc7 17. Bf2 Qb8 18. Red1 Ba8 19. Kh1 Rfe8 20. Bg3 Ne5 21. Qe1 Bd8 22. a4 Bc7 23. Nc2 Bc6 24. Nb4 {[#] Und weiter mit Lxe5 wäre nett.} Bb7 25. Qf1 Qa8 26. Nc2 Qb8 27. Ne3 h5 (27... Bd8 $11) 28. Rc2 Ng6 29. Rcd2 Rcd8 30. h3 h4 31. Bh2 d5 32. Bxc7 Qxc7 33. exd5 Qe5 34. Rd3 ({Lieber} 34. Qd3 $16) 34... Nf4 $11 35. Ng4 Qg5 (35... Qb8 {keeps more tension.} 36. Rd4 exd5 37. cxd5 f5 38. d6 Ne6) 36. R3d2 (36. Ne4 $14 Qg6 37. Ne5) 36... exd5 $15 37. Nxd5 Nxd5 {Die Stellung ist ausgeglichen.} 38. cxd5 Rxd5 39. Rxd5 Bxd5 40. b4 {Precision: Weiß = 50%, Schwarz = 58%.} (40. Qd3 $11 {hält das Gleichgewicht.}) 1/2-1/2

[Event "9th LCC FIDE Open 2017"]
[Site "London"]
[Date "2017.12.04"]
[Round "4"]
[White "Hawkins, Jonathan"]
[Black "Fodor, Tamas Jr"]
[Result "1/2-1/2"]
[WhiteElo "2579"]
[BlackElo "2496"]
[Annotator "TA"]
[PlyCount "76"]
[EventDate "2017.??.??"]
[EventCountry "ENG"]
[SourceTitle "playchess.com"]
[Source "ChessBase"]
[SourceQuality "1"]

{[%evp 24,76,10,20,13,-34,-22,-23,-28,-29,-32,-29,-24,-29,-29,-29,-29,-29,-29,-29,-29,-33,-25,-39,-35,-31,-14,-20,-15,-20,-4,-8,0,-30,-23,-11,-10,-19,-18,-12,0,0,0,0,0,0,0,0,0,0,0,0,0,0,0]} 1. d4 Nf6 2. c4 e6 3. Nc3 Bb4 4. e3 O-O 5. Bd3 d5 6. Nf3 c5 7. O-O Nc6 8. a3 Bxc3 9. bxc3 dxc4 10. Bxc4 Qc7 11. Bd3 Rd8 12. Qc2 e5 13. Bb2 Bg4 {E59: Nimzo-Indian: Rubinstein: Main Line: 7...Nc6 8 a3 Bxc3 9 bxc3 dxc4} 14. Ng5 {[%cal Rd3h7]} h6 15. Ne4 Nxe4 {Black has an edge.} 16. Bxe4 Na5 {[#]} 17. Rab1 $146 ({Predecessor:} 17. d5 Nc4 18. h3 Bd7 19. a4 f5 20. d6 Qxd6 21. Bxb7 {½-½ (40) Pavlovic,M (2531)-Dvirnyy,D (2481) Hoogeveen 2010}) 17... cxd4 18. cxd4 Qxc2 19. Bxc2 Nc4 {...exd4 is the strong threat.} 20. Bc1 exd4 21. exd4 b6 22. f3 Be6 23. Rd1 Rac8 24. Be4 f5 25. Bb7 Rc7 26. Ba6 Na5 27. Bf4 Rcd7 28. Be5 Bc4 29. Bxc4+ $1 Nxc4 {The position is equal.} 30. Rdc1 Nxe5 31. dxe5 $11 {[%mdl 4096] Endgame KRR-KRR} Rd2 32. f4 {[%cal Bf3f4,Bf4g5][%mdl 32]} Ra2 {[#] Hoping for ...Rdd2.} 33. Rb3 g5 34. fxg5 Rdd2 35. Rg3 f4 36. Rg4 $1 h5 37. Rxf4 {[#] aiming for Rc8+.} Rxg2+ 38. Kf1 Rxh2 {Precision: White = 80%, Black = 80%.} 1/2-1/2

[Event "9th LCC FIDE Open 2017"]
[Site "London"]
[Date "2017.12.04"]
[Round "4"]
[White "Donchenko, Alexander"]
[Black "Munguntuul, Batkhuyag"]
[Result "1-0"]
[WhiteElo "2569"]
[BlackElo "2397"]
[Annotator "TA"]
[PlyCount "75"]
[EventDate "2017.??.??"]
[EventCountry "ENG"]
[SourceTitle "playchess.com"]
[Source "ChessBase"]
[SourceQuality "1"]

{[%evp 15,75,12,15,7,7,9,22,0,0,-12,-9,-10,-8,-16,-24,-17,15,17,106,106,105,98,106,98,100,104,101,103,99,100,106,106,132,131,120,105,85,93,99,100,91,68,75,80,121,120,120,119,248,261,264,249,247,240,302,241,29987,29988,29988,29989,29995,29996]} 1. Nf3 d5 2. g3 Nf6 3. Bg2 Bg4 4. c4 c6 5. Ne5 Bf5 6. cxd5 cxd5 7. Qa4+ {A11: Reti-Eröffnung} Bd7 (7... Nbd7 8. Nc3 e6 9. g4 Bc2 10. Nxf7 Kxf7 11. Qxc2 Nxg4 12. h3 Nh6 13. d4 Nf5 14. Bxd5 Nxd4 {½-½ (71) Fridman,D (2667)-Shirov,A (2708) Tallinn 2013}) 8. Nxd7 Qxd7 {LiveBook: 8 Partien} 9. Nc3 {Mit der Idee Dxd7+.Die Stellung ist ausgeglichen.} Qxa4 $146 ({Vorgänger:} 9... e6 10. d4 Nc6 11. O-O Be7 12. Bg5 O-O 13. Rfd1 Rfd8 14. Bxf6 Bxf6 {½-½ (79) Reinderman,D (2581)-L'Ami,E (2596) Wijk aan Zee 2012}) 10. Nxa4 Nc6 11. d3 e6 12. Be3 Bb4+ 13. Nc3 O-O {[#] zielt auf ...d4 ab.} 14. a3 Be7 15. Rb1 d4 16. Bxc6 $1 dxc3 (16... dxe3 $11 17. Bxb7 Rab8) 17. Bf3 $16 cxb2 18. Rxb2 Nd5 19. Rxb7 Rab8 20. Bxd5 ({Viel schwächer wäre} 20. Rxa7 $6 Rb1+ 21. Kd2 Rb2+ 22. Kc1 Bf6 $11) 20... exd5 21. Rxb8 ({Doch nicht} 21. Rxe7 $6 Rb1+ 22. Kd2 Rxh1 $11) 21... Rxb8 {[%mdl 4096] Endspiel KTL-KTL} 22. O-O a5 23. a4 Rb2 24. Rc1 f6 25. Rc7 Bb4 26. Kf1 Ra2 27. Rd7 Rxa4 28. Rxd5 Ra1+ 29. Kg2 Ra2 30. Kf3 a4 31. Bc5 Bc3 (31... Bxc5 $16 32. Rxc5 Kf8) 32. Rd8+ $18 Kf7 33. Rd7+ Kg8 34. Ra7 Bb2 35. Ke4 {Und weiter mit Kf5 wäre nett.} Bc1 $2 {[#]} (35... Ba1 $18 36. Kf3 Bb2) 36. Kf5 $1 {Weiß setzt Matt.} g6+ 37. Kxf6 {[%cal Ra7a8]} Bb2+ 38. d4 {Precision: Weiß = 71%, Schwarz = 44%.} 1-0

[Event "9th LCC FIDE Open 2017"]
[Site "London"]
[Date "2017.12.04"]
[Round "4"]
[White "Mikhalevski, Victor"]
[Black "Akash Pc, Iyer"]
[Result "0-1"]
[WhiteElo "2545"]
[BlackElo "2390"]
[Annotator "TA"]
[PlyCount "102"]
[EventDate "2017.??.??"]
[EventCountry "ENG"]
[SourceTitle "playchess.com"]
[Source "ChessBase"]
[SourceQuality "1"]

{[%evp 14,102,42,38,38,32,32,32,32,32,34,32,20,25,25,4,37,21,40,18,24,24,20,6,18,14,0,4,31,0,31,31,31,31,31,27,31,31,31,31,46,31,39,28,39,25,50,38,70,41,83,66,141,134,255,242,256,179,191,183,189,184,179,180,189,185,306,269,261,0,217,207,281,272,297,286,429,297,643,-287,-224,-262,-232,-305,-297,-296,-296,-1056,-1038,-29986,-29987]} 1. d4 Nf6 2. Nf3 g6 3. g3 Bg7 4. Bg2 O-O 5. O-O d6 6. b3 Bf5 {A49: 1 d4 Nf6 2 Nf3 g6 3 g3: Anti-King's Indian systems} (6... Nc6 7. Bb2 e5 8. dxe5 Nd7 9. Nc3 Ndxe5 10. Nxe5 Nxe5 11. Rb1 c6 12. h3 f5 13. e3 d5 14. Ne2 Be6 15. Qc1 Qc7 16. Bd4 Rad8 17. Qb2 Rf7 18. Nf4 Bc8 {½-½ (45) Sargissian,G (2657)-Naiditsch,A (2702) Heraklio 2017}) 7. Bb2 Qc8 8. Re1 {LiveBook: 3 Games} Nc6 {White is slightly better.} 9. Nbd2 Bh3 10. e4 $146 ({Predecessor:} 10. Bh1 Re8 11. e4 e5 12. d5 Ne7 13. a4 h6 14. Nc4 Nh7 15. Ne3 {0-1 (38) Kovalyov,A (2557)-Arenas Vanegas,D (2369) ICC INT 2009}) 10... Bxg2 11. Kxg2 e5 12. d5 Ne7 13. c4 Nd7 14. b4 h6 15. Rc1 f5 16. exf5 Nxf5 {Black wants to play ...e4!} 17. Ne4 Nf6 18. Qd3 a5 19. b5 b6 20. Nfd2 Nd7 21. Re2 Qe8 22. h4 Qf7 23. Rce1 Rae8 24. Nf3 Kh8 25. Ba3 Kg8 26. Bc1 Kh8 27. Bb2 Kg8 28. Ba3 Kh8 29. Bc1 Kg8 30. g4 Ne7 31. Rh1 {[%cal Be1h1,Bh1h3,Bh3h5][%mdl 32]} Rc8 32. Rh3 Qe8 (32... Nf5 $1 $14) 33. Re1 $16 Rf7 (33... a4 $16 {was necessary.}) 34. h5 $1 $18 gxh5 35. Rxh5 Nf6 36. Nxf6+ Rxf6 37. Nh4 Qf7 38. f3 Re8 39. Qe4 Bf8 (39... Kf8 $142 40. Be3 Kg8) 40. Rh1 Bg7 41. Re1 $2 (41. Nf5 $18 Nxf5 42. gxf5 (42. Rxf5 Rxf5 43. Qxf5 Qxf5 $11)) 41... Rf8 $2 (41... Bf8 $1 $11) 42. Bd2 Re8 43. f4 exf4 {[#]} 44. Kf3 $1 Qf8 (44... Kf8 $142 45. Bc3 Ng8) 45. Nf5 Rf7 $2 {[#]} (45... Nxf5 46. Qxe8 Ne3 47. Qxf8+ Rxf8 48. Bxe3 fxe3+ 49. Rf5 (49. Kxe3 Bf6 $18) 49... Bd4) 46. Bc3 $4 {[%mdl 8192] [#]} (46. Nxh6+ $1 $18 {[%mdl 512]} Bxh6 47. Bc3) 46... Nxf5 $1 $19 {[%mdl 512]} 47. Qxe8 (47. gxf5 Rxe4) 47... Bxc3 48. gxf5 {Hoping for Rg1+.} Bxe1 49. Qxe1 Qg7 50. Rh4 $2 (50. Qe8+ Kh7 51. Qe1) 50... Re7 51. f6 Re3+ {Precision: White = 52%, Black = 46%.} 0-1

[Event "9th LCC FIDE Open 2017"]
[Site "London"]
[Date "2017.12.04"]
[Round "4"]
[White "Handke, Florian"]
[Black "Arakhamia-Grant, Ketevan"]
[Result "1/2-1/2"]
[WhiteElo "2526"]
[BlackElo "2350"]
[Annotator "TA"]
[PlyCount "191"]
[EventDate "2017.??.??"]
[EventCountry "ENG"]
[SourceTitle "playchess.com"]
[Source "ChessBase"]
[SourceQuality "1"]

{[%evp 23,191,0,13,-7,-6,-4,0,0,8,10,10,18,19,0,16,13,22,32,25,18,41,50,61,61,102,93,108,88,83,37,45,49,58,76,187,181,179,179,179,181,179,179,180,155,146,140,147,132,137,131,147,141,143,143,200,159,161,168,154,120,122,61,60,23,30,24,24,24,24,24,24,24,24,24,25,24,34,30,35,8,8,8,30,35,66,62,74,0,0,0,0,0,0,0,8,8,8,8,8,8,8,8,8,8,8,8,8,8,26,0,0,0,7,7,7,7,7,7,41,7,22,7,22,7,22,0,0,0,0,0,0,0,0,0,0,0,0,0,0,0,0,0,0,0,0,0,0,0,0,0,0,0,0,0,0,0,0,0,0,0,0,0,0,0,0,0,0,0,0,0]} 1. e4 c5 2. Nf3 e6 3. d4 cxd4 4. Nxd4 Nc6 5. Nc3 a6 6. Nxc6 bxc6 7. Bd3 d5 8. O-O Nf6 9. Re1 Be7 10. e5 Nd7 11. Qg4 Kf8 12. b3 {B46: Sizilianisch (Paulsen/Taimanow-Variante)} h5 {LiveBook: 3 Partien} 13. Qh3 $146 ({Vorgänger:} 13. Qf3 Kg8 14. Na4 Qc7 15. Bf4 Bb7 16. c4 dxc4 17. Bxc4 c5 18. Qe3 h4 19. h3 g6 {1-0 (52) Nadanian,A (2399)-Grachev,B (2675) Yerevan 2014}) 13... c5 14. Na4 c4 15. Bf1 Bb7 16. Bd2 Qc7 17. bxc4 dxc4 18. Rab1 Bc6 19. Nb2 $36 {[%cal Ba4b2,Bb2d1,Bd1e3,Be3c4][%mdl 2080] Weiss drückt.} Bd5 20. Qc3 {[%cal Rf1c4]} Rc8 21. Nd1 Nc5 22. Qa5 Qxa5 23. Bxa5 g6 24. Ne3 Kg7 25. Red1 Rb8 26. Nxc4 Rxb1 27. Rxb1 Nd7 28. Ne3 Bxa2 (28... Bc6 $16) 29. Rb2 $1 $18 {[%cal Rb2a2]} Bd5 30. Nxd5 ({Lieber nicht} 30. Bxa6 Ra8 $15) 30... exd5 31. Rb7 ({Nicht} 31. Bxa6 Ra8 $17) 31... Nb8 32. Rxe7 Nc6 33. Rd7 Nxa5 34. Rxd5 $16 {[%mdl 4096] Endspiel KTL-KTS} Nc6 35. Rc5 Nd4 36. Bxa6 Ra8 37. Bf1 Ra1 {[#] ( -> ...Se2+)} 38. f3 $1 Rc1 (38... g5 $16 39. Kf2 Ne6) 39. Rc4 $18 Nf5 {[#]} 40. Rc3 $1 Nd4 {Droht ...Se2+ und aus.} 41. Rd3 Nc6 42. e6 ({Lieber} 42. f4 $16) 42... fxe6 $14 43. Rd2 (43. Rd6 $5 {[%cal Rd6c6]} Rxc2 44. Bb5 $16 (44. Rxe6 Nd4 $16)) 43... Kf6 44. h4 g5 45. hxg5+ Kxg5 46. Kf2 e5 47. Bd3 Nd4 48. Ke3 Re1+ 49. Be2 {Mit der Idee f4+!} Nf5+ 50. Kf2 Rc1 51. g3 h4 52. gxh4+ Nxh4 53. Bd3 Nf5 54. Re2 Kf6 55. Bxf5 (55. Re1 $16 Rxe1 56. Kxe1) 55... Kxf5 $16 {KT-KT} 56. Ke3 Ra1 57. Kd3 Rf1 58. Re3 Kf4 59. Re4+ Kf5 60. Ke2 Rc1 61. Rc4 Ke6 62. Rc8 Kd7 63. Rc3 (63. Kd2 {is more complex.} Rf1 64. Rc5 Kd6 65. Rc3 Ke6 66. Ke3) 63... Kd6 64. Kd3 Kd5 65. Rc8 Rd1+ 66. Kc3 {Schwarz muss nun Td8+ beachten.} Rf1 67. Rd8+ Kc5 68. Rd3 Rf2 69. Re3 Kd5 70. Kd3 Rf1 71. c4+ Kd6 {Die Stellung ist ausgeglichen.} 72. Kc3 Rb1 73. Kc2 Rb4 74. Kd3 Ra4 75. Re4 {jetzt c5+! und aus.} Ra3+ 76. Ke2 Rc3 77. Kf2 Ke6 78. Kg3 Kf5 79. Rh4 Kf6 80. Rh6+ Kf5 81. Rh4 Kf6 82. Kf2 Kg5 83. Rg4+ (83. Re4 $5 {[%cal Re4e5]}) 83... Kf5 84. Ke2 Kf6 85. Rh4 Kg5 86. Re4 $1 {[%cal Re4e5]} Kf5 87. Rh4 Kg5 88. Rg4+ (88. Rh8 {is interesting.} Rxc4 89. Rd8 Rc3 90. Re8 Kf5 91. Rf8+) 88... Kf5 89. Re4 Kf6 90. f4 exf4 91. Kd2 Rh3 92. Rxf4+ Ke5 93. Rg4 Kd6 94. Rg5 Kc6 95. Rd5 Rg3 96. Rd3 {Precision: Weiß = 68%, Schwarz = 66%.} 1/2-1/2

[Event "9th LCC FIDE Open 2017"]
[Site "London"]
[Date "2017.12.04"]
[Round "4"]
[White "Nihal Sarin"]
[Black "Bates, Richard A"]
[Result "1-0"]
[WhiteElo "2507"]
[BlackElo "2378"]
[Annotator "TA"]
[PlyCount "69"]
[EventDate "2017.??.??"]
[EventCountry "ENG"]
[SourceTitle "playchess.com"]
[Source "ChessBase"]
[SourceQuality "1"]

{[%evp 22,69,15,17,28,10,33,39,39,48,67,69,95,95,95,94,100,99,150,150,156,161,163,166,206,204,228,214,231,227,235,230,298,293,504,504,504,504,575,568,530,477,478,485,466,469,502,497,7318,7297]} 1. d4 Nf6 2. c4 e6 3. Nf3 Bb4+ 4. Bd2 a5 5. g3 d6 6. Bg2 Nbd7 7. O-O e5 8. dxe5 {E11: Bogo-Indian} (8. Nc3 O-O 9. Rc1 Re8 10. Bg5 exd4 11. Nxd4 h6 12. Be3 Rxe3 13. fxe3 Ne5 14. Nd5 Nxd5 15. cxd5 Bc5 16. Rc3 Bd7 {0-1 (50) Ftacnik,L (2546)-Papaioannou,I (2652) Heraklio 2017}) 8... Nxe5 9. Nxe5 dxe5 10. Qa4+ Qd7 11. Qxd7+ Nxd7 12. Nc3 {LiveBook: 4 Games} c6 13. a3 Bxc3 14. Bxc3 a4 15. f4 $146 ({Predecessor:} 15. Rad1 O-O {1-0 (57) Flear,G (2428)-Bates,R (2347) Hastings 2017}) 15... O-O 16. f5 Re8 17. Rad1 Nb6 18. c5 Nd7 19. Bb4 e4 (19... Nb8 $142) 20. Rf4 $16 Nf6 {[#]} 21. g4 $1 h5 22. h3 Bd7 23. Rd6 Rad8 24. Ba5 Ra8 25. Be1 hxg4 26. hxg4 Re7 27. Bh4 Ra5 $2 (27... Rae8 28. Rxf6 (28. Bxf6 gxf6 29. Rxf6 Re5 $18) 28... gxf6 29. Bxf6 Re5 30. Bxe5 Rxe5 31. Rxe4 Rxc5 32. Rxa4 Kg7) 28. Rxf6 $18 {White is clearly winning.} gxf6 29. Bxf6 Kf8 30. g5 {[#] White wants to mate with Rh4.} Ke8 31. g6 fxg6 32. fxg6 Rxc5 33. g7 {[%cal Rg7g8]} Be6 34. Rxe4 ({Not} 34. Bxe7 Kxe7 35. Rg4 (35. Rxe4 Rg5 $16) 35... Bg8 $16) 34... Kd7 (34... Rxg7 $142 35. Bxg7 Kd7) 35. Bxe7 {Precision: White = 100%, Black = 30%.} 1-0

[Event "9th LCC FIDE Open 2017"]
[Site "London"]
[Date "2017.12.04"]
[Round "4"]
[White "Fernandez, Daniel Howard"]
[Black "Jackson, James P"]
[Result "1/2-1/2"]
[WhiteElo "2500"]
[BlackElo "2314"]
[Annotator "TA"]
[PlyCount "132"]
[EventDate "2017.??.??"]
[EventCountry "ENG"]
[SourceTitle "playchess.com"]
[Source "ChessBase"]
[SourceQuality "1"]

{[%evp 19,132,0,0,0,9,8,14,6,15,16,8,10,23,0,8,0,3,0,21,9,18,11,20,18,16,22,24,11,25,19,13,13,19,15,17,0,0,0,0,0,0,-13,-14,-14,-15,-81,-79,-77,-80,-84,-86,-96,-46,-285,-278,-406,-192,-190,-190,-195,-183,-180,-195,-195,-195,-184,-193,-193,-191,-180,-129,-128,-94,-91,-50,-50,-65,-83,-50,-50,-25,-29,-25,-71,-8,-8,-10,-55,0,0,0,0,0,0,0,0,0,0,0,0,0,0,0,0,0,0,0,0,0,0,0,0,0,0,0]} 1. e4 c5 2. Nf3 Nc6 3. d4 cxd4 4. Nxd4 Nf6 5. Nc3 e5 6. Nf5 d5 7. exd5 Bxf5 8. dxc6 bxc6 9. Qf3 Qd7 10. Bc4 Be7 {LiveBook: 3 Games. B33: Sicilian: Pelikan and Sveshnikov Variations} (10... Bxc2 11. O-O Be7 12. Qe2 Bg6 13. Qxe5 O-O 14. Rd1 Qb7 15. Qg3 Rfd8 16. Rxd8+ Rxd8 17. Bb3 c5 18. h3 Bd6 19. Bf4 Nh5 20. Qh4 Be7 21. Bg5 Rd4 22. g4 Nf4 23. Nd5 Bxg5 24. Qxg5 Nxh3+ {0-1 (24) Zelcic,R (2547)-Saric,I (2607) Stari Mikanovci 2010}) 11. O-O O-O 12. Rd1 Qc8 13. Qe2 $146 Qc7 14. h3 Bb4 15. Na4 Rfe8 16. a3 Bf8 17. Nc3 Rab8 18. Bb3 Be6 19. Bxe6 Rxe6 20. Rb1 Rd6 21. Rxd6 Bxd6 22. Qc4 Nd5 {[%cal Bf6d5,Bd5b6,Bb6c4][%mdl 32]} 23. Bd2 Nb6 24. Qe4 Bc5 25. a4 Bd4 26. Ne2 Nc4 27. Be1 Nd6 28. Qd3 Rxb2 29. Rd1 c5 {And now ...h6 would win.} 30. Nxd4 cxd4 31. c3 $1 Rb3 $36 {[%mdl 2048] Threatening ...h6. Black is more active.} 32. Qa6 (32. f4 $11 {keeps the balance.}) 32... Qc5 $17 33. cxd4 exd4 34. Bd2 {Threatens to win with Rc1.} h6 35. Bf4 Nc4 {[#]} 36. Re1 $2 (36. Rxd4 $1 $15 {[%mdl 512]} Qxd4 37. Qc8+ Kh7 38. Qf5+ g6 39. Qxf7+ Qg7 40. Qxc4) 36... Kh7 $19 37. Re8 (37. Rc1 {is a better defense.} Rc3 38. Rd1) 37... Rb6 (37... Rb1+ $142 38. Kh2 Qf5) 38. Qc8 Qxc8 39. Rxc8 {[%mdl 4096] Endgame [#] KRB-KRN} Rb4 $1 {Strongly threatening ...g5.} 40. h4 Rxa4 41. Rd8 Ra1+ 42. Kh2 Rd1 43. Rd7 {[#]} d3 $1 44. Kg3 d2 (44... a5 $19 {White must now prevent ...a4.} 45. Rc7 Nb6) 45. Rd4 $17 Rc1 46. Bxd2 Nxd2 (46... Rc2 {seems wilder.} 47. Bf4 Rc3+ 48. Kh2 a5 49. Rd7 Kg6) 47. Rxd2 {KR-KR} a5 {[%cal Ba7a5,Ba5a4][%mdl 32]} 48. Rd5 a4 49. Ra5 Rc4 50. h5 g5 51. hxg6+ fxg6 ({Better is} 51... Kxg6 $17 52. Ra6+ Kg5) 52. Ra7+ $11 Kg8 53. f4 g5 (53... h5 $1 $15) 54. fxg5 {The position is equal.} hxg5 55. Kf3 g4+ 56. Ke3 Kf8 57. Kd3 Rb4 58. g3 Ke8 59. Kc3 Rb3+ 60. Kc2 Ra3 61. Kd2 Kf8 62. Ke2 Kg8 63. Kf2 Rf3+ 64. Kg2 Ra3 65. Kf2 Kf8 66. Ke2 Rxg3 {Precision: White = 72%, Black = 53%.} 1/2-1/2

[Event "9th LCC FIDE Open 2017"]
[Site "London"]
[Date "2017.12.04"]
[Round "4"]
[White "Hector, Jonny"]
[Black "Melkumyan, Hrant"]
[Result "0-1"]
[WhiteElo "2493"]
[BlackElo "2633"]
[Annotator "TA"]
[PlyCount "96"]
[EventDate "2017.??.??"]
[EventCountry "ENG"]
[SourceTitle "playchess.com"]
[Source "ChessBase"]
[SourceQuality "1"]

{[%evp 17,96,-4,0,-12,-6,-8,-10,-91,-84,-89,-99,-106,-106,-106,-106,-110,-112,-110,-113,-110,-119,-107,-120,-118,-103,-95,-92,-96,-89,-99,-70,-121,-89,-75,-82,-108,-94,-93,-98,-100,-74,-76,-76,-72,-72,-72,-72,-81,-80,-98,-73,-65,-45,-277,0,0,0,-155,-104,-454,-461,-460,-445,-435,-441,-434,-420,-550,-532,-644,-637,-620,-615,-589,-587,-609,-572,-12841,-12842,-12841,-12841]} 1. e4 e5 2. Nf3 Nf6 3. Nc3 Nc6 4. g3 d5 5. exd5 Nxd5 6. Bg2 Nxc3 7. bxc3 Bc5 8. O-O O-O 9. Re1 Bg4 {LiveBook: 20 Games. C47: Scotch Four Knights and Four Knights with 4 g3} (9... Qf6 10. d3 Bb6 11. Be3 Bg4 12. h3 Bh5 13. g4 Bg6 14. Nd2 Rad8 15. Qf3 Qxf3 16. Bxf3 Ba5 17. Rab1 Bxc3 18. Rxb7 {½-½ (70) Adhiban,B (2677)-Nguyen,N (2629) Tbilisi 2017}) 10. Qe2 Qd7 11. Qc4 Bb6 {The position is equal.} 12. Nxe5 $146 (12. d3 $11) ({Predecessor:} 12. d3 Be6 13. Qe4 f6 14. a4 {½-½ (14) Lupulescu,C (2467)-Sofronie,I (2473) Targoviste 2001}) 12... Nxe5 $17 13. Rxe5 Rfe8 14. d4 Rxe5 15. dxe5 Qd1+ 16. Qf1 Qxc2 17. Qe1 Re8 18. Bf4 c6 19. a4 Qb2 20. Rc1 Qa2 21. c4 Qxa4 22. c5 Ba5 23. Bd2 Bc7 24. f4 (24. Ra1 $15 Qc2 25. Rxa7) 24... Bc8 25. Ra1 Qc4 26. Qc1 {[#]} Qxc1+ $1 27. Bxc1 a6 28. Kf2 Be6 29. Rb1 Rb8 30. Be4 g6 31. Kf3 h5 32. Ba3 a5 33. Ke3 a4 34. Bc2 b5 {And now ...Ba5 would win.} 35. Be4 $2 (35. cxb6 $1 $15 Bxb6+ 36. Kf3) 35... Rd8 $2 (35... Bf5 $19 {Threatens to win with ...Ba5.} 36. Bb4 Bxe4 37. Kxe4 f5+ 38. exf6 Re8+ 39. Kd3 Bd8) 36. Bxc6 $11 Bc4 37. Be4 $2 ({Only move:} 37. Bxb5 $11 Rd3+ 38. Ke4 Bxb5 39. Rxb5 Rxa3 40. Rb7) 37... Ba5 $17 38. c6 $2 {[%mdl 8192]} (38. h3 $17) 38... Bb6+ $19 39. Kf3 Rd2 {[%csl Gb6][%cal Rd2f2] [#]} 40. Rb2 Rxb2 41. Bxb2 {[%mdl 4096] Endgame KBB-KBB} b4 42. f5 a3 {Black is clearly winning.} 43. Bc1 gxf5 44. Bxf5 Bd5+ 45. Be4 Be6 46. g4 Bd4 47. c7 {intending Bf5.} a2 48. Bf5 a1=Q {Precision: White = 40%, Black = 73%.} 0-1

[Event "9th LCC FIDE Open 2017"]
[Site "London"]
[Date "2017.12.04"]
[Round "4"]
[White "Elsness, Frode"]
[Black "Cornette, Matthieu"]
[Result "1/2-1/2"]
[WhiteElo "2477"]
[BlackElo "2606"]
[Annotator "TA"]
[PlyCount "28"]
[EventDate "2017.??.??"]
[EventCountry "ENG"]
[SourceTitle "playchess.com"]
[Source "ChessBase"]
[SourceQuality "1"]

{[%evp 16,28,15,-9,9,0,0,0,0,0,0,0,0,0,0]} 1. Nf3 c5 2. c4 Nc6 3. Nc3 g6 4. e3 Nf6 5. d4 cxd4 6. exd4 d5 7. cxd5 Nxd5 8. Qb3 e6 9. Bc4 {[%cal Rc3d5] LiveBook: 11 Games. The position is equal. A35: Symmetrical English: 2 Nc3 Nc6 3 Nf3} (9. Bb5 Bg7 10. Bxc6+ bxc6 11. O-O O-O 12. Na4 Qd6 13. Re1 Rb8 14. Qd3 c5 15. Nxc5 Nb4 16. Qc3 Bb7 17. a3 Nd5 {1-0 (44) Radjabov,T (2741)-Nepomniachtchi,I (2733) Heraklio 2017}) 9... Bg7 10. Nxd5 exd5 11. Bxd5 O-O {[#] Threatens to win with ...Na5.} 12. Bxc6 bxc6 13. O-O Bg4 14. Bf4 $146 Bxf3 1/2-1/2

[Event "9th LCC FIDE Open 2017"]
[Site "London"]
[Date "2017.12.04"]
[Round "4"]
[White "Abergel, Thal"]
[Black "Vakhidov, Jakhongir"]
[Result "0-1"]
[WhiteElo "2464"]
[BlackElo "2500"]
[Annotator "TA"]
[PlyCount "46"]
[EventDate "2017.??.??"]
[EventCountry "ENG"]
[SourceTitle "playchess.com"]
[Source "ChessBase"]
[SourceQuality "1"]

{[%evp 9,46,-14,-8,-108,-108,-104,-105,-104,-79,-97,-98,-93,-85,-271,-258,-315,-313,-310,-304,-541,-587,-586,-586,-582,-558,-544,-547,-693,-672,-878,-745,-702,-698,-679,-679,-29990,-29991,-29991,-29992]} 1. e4 c5 2. Nc3 Nc6 3. Bb5 Nd4 4. Bc4 a6 (4... e6 5. Nf3 Nf6 6. O-O a6 7. Bb3 d6 8. d3 Nxb3 9. axb3 Be7 10. d4 cxd4 11. Qxd4 O-O 12. Rd1 e5 13. Qd3 h6 14. Nd2 b5 {½-½ (58) Inarkiev,E (2730)-Gelfand,B (2734) Magas 2016}) 5. Nf3 b5 {LiveBook: 12 Games} 6. Bxf7+ {B23: Closed Sicilian: Lines without g3} (6. Be2 $11 {keeps the balance.}) 6... Kxf7 $17 7. Nxd4 cxd4 {[%cal Bc5d4,Bd4c3][%mdl 32]} 8. Qh5+ {Black is better.} g6 9. Qd5+ e6 10. Qxa8 dxc3 11. Qa7 $146 {[#]} (11. dxc3 $17 Qc7 12. Be3) ({Predecessor:} 11. dxc3 Qc7 12. Be3 {0-1 (41) Simonian,H (2475)-Solak,D (2586) Golden Sands 2012}) 11... Qg5 $19 12. d3 Qxg2 13. Rf1 Bg7 ({Resist} 13... Qxh2 14. bxc3 Ne7 15. Bd2 $19) 14. Qc7 $2 (14. b3) 14... cxb2 15. Bxb2 Bxb2 16. Rb1 Qg5 17. Qxc8 Ne7 18. Qxd7 Rc8 19. c4 bxc4 20. dxc4 Qa5+ 21. Ke2 Rd8 22. Qb7 Rd2+ 23. Kf3 Qh5+ 0-1